Central Library OPAC University of Rajshahi

Studies in Muslim political thought and administration / (Record no. 17482)

MARC details
000 -LEADER
fixed length control field 00782nam a2200253 a 4500
001 - CONTROL NUMBER
control field 17482
003 - CONTROL NUMBER IDENTIFIER
rucl marc code BD-RjUL
005 - DATE AND TIME OF LATEST TRANSACTION
control field 20211209000140.0
008 - FIXED-LENGTH DATA ELEMENTS--GENERAL INFORMATION
fixed length control field 181213r19651963pk 001 0 eng d
035 ## - SYSTEM CONTROL NUMBER
System control number (BD-RjUL) 17540
040 ## - CATALOGING SOURCE
Original cataloging agency DLC
Transcribing agency CarP
Modifying agency DLC
-- BD-RjUL
Language of cataloging eng
041 ## - LANGUAGE CODE
Language code of text/sound track or separate title eng
082 00 - DEWEY DECIMAL CLASSIFICATION NUMBER
Edition number 23
Classification number 320.5091767
Author mark and year SHS 1965
100 1# - MAIN ENTRY--PERSONAL NAME
Personal name Sherwani, Haroon Khan.
9 (RLIN) 53881
245 10 - TITLE STATEMENT
Title Studies in Muslim political thought and administration /
Statement of responsibility, etc. by Haroon Khan Sherwani
250 ## - EDITION STATEMENT
Edition statement 4th ed., revised
260 ## - PUBLICATION, DISTRIBUTION, ETC. (IMPRINT)
Place of publication, distribution, etc. Lahore :
Name of publisher, distributor, etc. Sh. Muhammad Ashraf,
Date of publication, distribution, etc. 1963 [Reprinted 1965]
300 ## - PHYSICAL DESCRIPTION
Pagination x, 288 p. ;
Size 22 cm.
504 ## - BIBLIOGRAPHY, ETC. NOTE
Bibliography, etc Include Index
650 ## - SUBJECT ADDED ENTRY--TOPICAL TERM
Topical term or geographic name as entry element Islam and state
9 (RLIN) 225973
Topical term or geographic name as entry element Islamic Empire
9 (RLIN) 225974
Topical term or geographic name as entry element Politics and government
9 (RLIN) 225975
942 ## - ADDED ENTRY ELEMENTS (KOHA)
Source of classification or shelving scheme Dewey Decimal Classification
Koha item type Books
Holdings
Lost status Source of classification or shelving scheme Damaged status Not for loan Collection code Permanent Location Current Location Shelving location Date acquired Source of acquisition Cost, normal purchase price Total Checkouts Full call number Date last seen Copy number Koha item type Date checked out
  Dewey Decimal Classification     Non-fiction Central Library, University of Rajshahi Central Library, University of Rajshahi   20/01/1967 Royal Book Cor. 12.50   320.5091767 SHS 1965 17/02/2014 C-3 Books  
  Dewey Decimal Classification     Non-fiction Central Library, University of Rajshahi Central Library, University of Rajshahi   28/12/1966 Mallick Brothers 12.50   320.5091767 SHS 1965 27/04/2014 C-4 Books  
  Dewey Decimal Classification     Non-fiction Central Library, University of Rajshahi Central Library, University of Rajshahi   28/12/1967 Royal Book Cor. 12.50   320.5091767 SHS 1965 27/04/2014 C-7 Books  
  Dewey Decimal Classification     Non-fiction Central Library, University of Rajshahi Central Library, University of Rajshahi   28/12/1966 Mallick Brothers 12.50   320.5091767 SHS 1965 27/04/2014 C-6 Books  
  Dewey Decimal Classification     Non-fiction Central Library, University of Rajshahi Central Library, University of Rajshahi   28/12/1966 Mallick Brothers 12.50   320.5091767 SHS 1965 27/04/2014 C-5 Books  
  Dewey Decimal Classification     Non-fiction Central Library, University of Rajshahi Central Library, University of Rajshahi   20/01/1967 Royal Book 12.50 3 320.5091767 SHS 1965 31/07/2023 C-2 Books 23/07/2023
  Dewey Decimal Classification   Not For Loan Rare Books Central Library, University of Rajshahi Central Library, University of Rajshahi Rare Book Section 13/12/2018       RA 320.5091767 SHS 1965 13/12/2018 C-1 Rare Books